| Tag |
First Indicator |
Second Indicator |
Subfields |
| LEADER |
00000cas a2200000L 4500 |
| 001 |
in00000037530 |
| 005 |
20151007074337.0 |
| 008 |
751101d19721973vaumr p 0uuua0eng d |
| 035 |
|
|
|a (OCoLC)01779355
|
| 035 |
|
|
|9 AAF1365AM
|
| 040 |
|
|
|a MUL
|c MUL
|d TXA
|d UtOrBLW
|
| 049 |
|
|
|a TXAE
|
| 090 |
|
|
|a V210.A1
|b U5
|
| 245 |
0 |
0 |
|a Undersea technology and oceanology international and offshore technology.
|
| 264 |
|
1 |
|a [Arlington, Va.] :
|b [Compass Publications]
|
| 300 |
|
|
|a 1 volume :
|b illustrations
|a monthly.
|
| 336 |
|
|
|a text
|b txt
|2 rdacontent
|
| 337 |
|
|
|a unmediated
|b n
|2 rdamedia
|
| 338 |
|
|
|a volume
|b nc
|2 rdacarrier
|
| 362 |
0 |
|
|a v. 13, no. 5-v. 14, no. 6; May 1972-June 1973.
|
| 650 |
|
0 |
|a Oceanography
|v Periodicals.
|
| 650 |
|
0 |
|a Submarine warfare
|x Periodicals.
|
| 780 |
0 |
0 |
|t Undersea technology
|
| 780 |
0 |
5 |
|t Oceanology international offshore technology
|g May 1972
|
| 785 |
0 |
0 |
|t Sea technology
|
| 999 |
|
|
|a MARS
|
| 999 |
f |
f |
|s 6f946338-f35d-3126-b61f-636106e4e229
|i 5d178c70-b9a2-3064-bf32-317c30fb80ba
|t 0
|
| 952 |
f |
f |
|p default
|a Texas A&M University
|b College Station
|c Sterling C. Evans Library
|d Evans: Library Stacks
|t 0
|e V210.A1 U5
|h Library of Congress classification
|i unmediated -- volume
|
| 998 |
f |
f |
|a V210.A1 U5
|s v.14:no.1 (1973)-v.14:no.6 (1973)
|t 0
|l Evans: Library Stacks
|